Enhanced Fixed Income Index Replikation mit Derivaten dizertačná práca
Na minha lista:
| Autor principal: | |
|---|---|
| Autor Corporativo: | |
| Outros Autores: | |
| Formato: | Livro |
| Idioma: | alemão |
| Publicado em: |
Bratislava
2013
|
| Assuntos: | |
| Tags: |
Sem tags, seja o primeiro a adicionar uma tag!
|
MARC
| LEADER | 00000nbm a2200000 4500 | ||
|---|---|---|---|
| 001 | 0179949 | ||
| 005 | 20240502073047.7 | ||
| 041 | 0 | |a ger | |
| 044 | |a SK | ||
| 245 | 1 | 0 | |a Enhanced Fixed Income Index Replikation mit Derivaten |b dizertačná práca |c Michal Marček ; školiteľ: Peter Markovič |
| 264 | 1 | |a Bratislava |c 2013 | |
| 300 | |a 149 s. | ||
| 610 | 2 | 0 | |a deriváty |
| 610 | 2 | 0 | |a dlhopisy |
| 610 | 2 | 0 | |a indexy |
| 610 | 2 | 0 | |a výnosy |
| 100 | 1 | |a Marček, Michal | |
| 700 | 1 | |a Markovič, Peter, 1974- | |
| 710 | 2 | |a Fakulta podnikového manažmentu EU. Katedra podnikových financií | |